Memòria /
Descripción Física:
Il·lustracions ; 30 cm
Materias:
Parc del Montnegre i el Corredor (Catalunya)
; Barcelona (Catalunya : Província). -- Diputació -- Revistes
; Parcs Naturals -- Barcelona (Catalunya : Província)
; Parcs naturals -- Barcelona (Catalunya : Província) -- Revistes
Idioma:
Catalán
MARC
| LEADER | 00000nam a2200000Ia 4500 | ||
|---|---|---|---|
| 001 | 22037, 22038, 22039, 22040, 22041, 22042, 12042, 12309, 12686, 13094, 14716, 16702, 17818, 22043, 21319, 22500, 22880, 23320 | ||
| 008 | 160829s1991 spca xx s cat c | ||
| 040 | |a AGDB | ||
| 080 | |a FU-53-6, FU-53-7, FU-53-8, C-3-244, C-3-245, C-3-246, C-1-109, C-1-110, C-1-111, C-2-200, C-2-279, C-2-361, C-2-446, C-3-247, C-3-187, C-3-278, C-3-327, C-3-374 | ||
| 080 | |a Bib-780 | ||
| 110 | |a Parc del Montnegre i el Corredor (Catalunya) |9 10204 | ||
| 245 | |a Memòria / |c Parc Natural del Montnegre i El Corredor | ||
| 260 | |a Barcelona : |b Diputació de Barcelona. Xarxa de Parcs Naturals, |c 1991- | ||
| 300 | |b Il·lustracions ; |c 30 cm | ||
| 310 | |a Anual | ||
| 362 | |a 1998- | ||
| 590 | |a Les memòries dels anys 1991, 1992, 1993 estan fotocopiades. | ||
| 610 | 0 | |9 10204 |a Parc del Montnegre i el Corredor (Catalunya) | |
| 610 | 1 | 0 | |a Barcelona (Catalunya : Província). |b Diputació |v Revistes |9 54166 |
| 650 | 0 | |a Parcs Naturals |z Barcelona (Catalunya : Província) |9 49557 | |
| 650 | 0 | |a Parcs naturals |z Barcelona (Catalunya : Província) |v Revistes |9 53491 | |
| 710 | 1 | |a Barcelona (Catalunya : Província). |b Xarxa de Parcs Naturals |9 7250 | |
| 710 | 1 | |a Barcelona (Catalunya : Província). |b Gerència de Serveis d’Espais Naturals |9 52730 | |
| 866 | |a 1991, 1992, 1993, 1994, 1995, 1996, 1997, 1998, 1999, 2000, 2001, 2002, 2003, 2004, 2005, 2007, 2008, 2009, 2010, 2016 | ||
| 901 | |a Arxiu | ||
| 942 | |n 1 |2 udc |c ARXIU | ||
| 952 | |0 0 |1 0 |4 0 |6 C1109_C1110_C1111_C2361_C2446_C3187_C3278_C3327 |7 1 |9 54758 |a Arxiu |b Arxiu |d 2016-12-01 |o C-1-109, C-1-110, C-1-111, C-2-361, C-2-446, C-3-187, C-3-278, C-3-327 |r 2016-12-01 00:00:00 |w 2016-12-01 |y ARXIU | ||
| 952 | |0 0 |1 0 |4 0 |6 BIB780 |7 1 |9 62682 |a Arxiu |b Arxiu |d 2022-07-05 |h 2016 |l 0 |o Bib-780 |p 26171 |r 2022-07-05 00:00:00 |w 2022-07-05 |y ARXIU | ||
| 952 | |0 0 |1 0 |4 0 |6 BIB938 |7 1 |9 63786 |a Arxiu |b Arxiu |d 2022-09-06 |h 2002 |l 0 |o Bib-938 |p 26707 |r 2022-09-06 00:00:00 |w 2022-09-06 |y ARXIU | ||
| 952 | |0 0 |1 0 |4 0 |6 C3247 |7 1 |9 65508 |a Arxiu |b Arxiu |d 2023-03-07 |h 2005 |l 0 |o C-3-247 |p 22043 |r 2023-03-07 00:00:00 |w 2023-03-07 |y ARXIU | ||
| 952 | |0 0 |1 0 |4 0 |7 1 |9 65509 |a Arxiu |b Arxiu |d 2023-03-07 |h 1996 |o C-3-246 |p 22042 |r 2023-03-07 00:00:00 |w 2023-03-07 |y ARXIU | ||
| 952 | |0 0 |1 0 |4 0 |6 C3245 |7 1 |9 65510 |a Arxiu |b Arxiu |d 2023-03-07 |h 1995 |l 0 |o C-3-245 |p 22041 |r 2023-03-07 00:00:00 |w 2023-03-07 |y ARXIU | ||
| 952 | |0 0 |1 0 |4 0 |6 C3244 |7 1 |9 65511 |a Arxiu |b Arxiu |d 2023-03-07 |h 1994 |l 0 |o C-3-244 |p 22040 |r 2023-03-07 00:00:00 |w 2023-03-07 |y ARXIU | ||
| 952 | |0 0 |1 0 |4 0 |6 C3374 |7 1 |9 65536 |a Arxiu |b Arxiu |d 2023-03-07 |h 2010 |l 0 |o C-3-374 |p 23320 |r 2023-03-07 00:00:00 |w 2023-03-07 |y ARXIU | ||
| 952 | |0 0 |1 0 |4 0 |6 C2200 |7 1 |9 65552 |a Arxiu |b Arxiu |d 2023-03-08 |h 2000 |l 0 |o C-2-200 |p 13094 |r 2023-03-08 00:00:00 |w 2023-03-08 |y ARXIU | ||
| 952 | |0 0 |1 0 |4 0 |6 C2279 |7 1 |9 65569 |a Arxiu |b Arxiu |d 2023-03-08 |h 2001 |o C-2-279 |p 14716 |r 2023-03-08 00:00:00 |w 2023-03-08 |y ARXIU | ||
| 952 | |0 0 |1 0 |4 0 |6 FU536 |7 1 |9 65621 |a Arxiu |b Arxiu |d 2023-03-14 |h 1991 |l 0 |o FU-53-6 |p 22037 |r 2023-03-14 00:00:00 |w 2023-03-14 |y ARXIU | ||
| 952 | |0 0 |1 0 |4 0 |6 FU537 |7 1 |9 65622 |a Arxiu |b Arxiu |d 2023-03-14 |h 1992 |l 0 |o FU-53-7 |p 22038 |r 2023-03-14 00:00:00 |w 2023-03-14 |y ARXIU | ||
| 952 | |0 0 |1 0 |4 0 |6 FU538 |7 1 |9 65623 |a Arxiu |b Arxiu |d 2023-03-14 |h 1993 |l 0 |o FU-53-8 |p 22039 |r 2023-03-14 00:00:00 |w 2023-03-14 |y ARXIU | ||
| 999 | |c 58627 |d 58627 | ||